00338 a2200097 4500001001000000005001700010008004100027245009200068100002000160773006000180ART_4317820260410161943.0260409a 10aEl pacto de cuota litis en la ley de riesgos del trabajo y sus recientes modificaciones1 aFavier, Daniela0 tTemas de derecho laboralg- NÂș 8 (ago. 2017)wREV27619